| 000 | 00342nam a22001337a 4500 | ||
|---|---|---|---|
| 999 |
_c520846 _d520846 |
||
| 008 | 221025b ||||| |||| 00| 0 eng d | ||
| 100 |
_aTrivedi, Sushil _935479 |
||
| 245 | _aFreedom movement in central India | ||
| 260 | _aYojana | ||
| 300 | _a66(8), Aug, 2022: p.26-29 | ||
| 773 | _aYojana | ||
| 906 | _aINDIA - HISTORY | ||
| 942 | _cAR | ||